<?xml version="1.0" encoding="UTF-8"?>
<record
    xmlns:xsi="http://www.w3.org/2001/XMLSchema-instance"
    xsi:schemaLocation="http://www.loc.gov/MARC21/slim http://www.loc.gov/standards/marcxml/schema/MARC21slim.xsd"
    xmlns="http://www.loc.gov/MARC21/slim">

  <leader>00656nam a22001937a 4500</leader>
  <datafield tag="020" ind1=" " ind2=" ">
    <subfield code="a">9789697450350</subfield>
  </datafield>
  <datafield tag="082" ind1=" " ind2=" ">
    <subfield code="a">891.43901</subfield>
    <subfield code="b">NAS</subfield>
  </datafield>
  <datafield tag="100" ind1=" " ind2=" ">
    <subfield code="a">Nashad, Arshad Mahmood,</subfield>
  </datafield>
  <datafield tag="245" ind1=" " ind2=" ">
    <subfield code="a">Aasar&#x2011;e&#x2011;Tahqeeq/</subfield>
    <subfield code="c">Dr. Arshad Mahmood Nashad.</subfield>
  </datafield>
  <datafield tag="260" ind1=" " ind2=" ">
    <subfield code="a">Karachi:</subfield>
    <subfield code="b">Rang-e-Adab Publications,</subfield>
    <subfield code="c">2021</subfield>
  </datafield>
  <datafield tag="300" ind1=" " ind2=" ">
    <subfield code="a">264pages.</subfield>
  </datafield>
  <datafield tag="563" ind1=" " ind2=" ">
    <subfield code="a">HB</subfield>
  </datafield>
  <datafield tag="650" ind1=" " ind2=" ">
    <subfield code="a">&#x62A;&#x62D;&#x642;&#x6CC;&#x642; &#x648; &#x637;&#x631;&#x6CC;&#x642;&#x6C1; &#x6A9;&#x627;&#x631;</subfield>
    <subfield code="9">129748</subfield>
  </datafield>
  <datafield tag="650" ind1=" " ind2=" ">
    <subfield code="a">Urdu literature</subfield>
  </datafield>
  <datafield tag="880" ind1=" " ind2=" ">
    <subfield code="6">100-01\(3\r</subfield>
    <subfield code="a">&#x622;&#x62B;&#x627;&#x631;&#x650; &#x62A;&#x62D;&#x642;&#x6CC;&#x642;</subfield>
  </datafield>
  <datafield tag="880" ind1=" " ind2=" ">
    <subfield code="6">100-02\(3\r</subfield>
    <subfield code="a">&#x688;&#x627;&#x6A9;&#x679;&#x631; &#x627;&#x631;&#x634;&#x62F; &#x645;&#x62D;&#x645;&#x648;&#x62F; &#x646;&#x627;&#x634;&#x627;&#x62F;&#x6D4;</subfield>
  </datafield>
  <datafield tag="880" ind1=" " ind2=" ">
    <subfield code="6">100-03\(3\r</subfield>
    <subfield code="a">&#x6A9;&#x631;&#x627;&#x686;&#x6CC; :</subfield>
    <subfield code="b">&#x631;&#x646;&#x6AF;&#x650; &#x627;&#x62F;&#x628; &#x67E;&#x628;&#x644;&#x6CC; &#x6A9;&#x6CC;&#x634;&#x646;&#x632;</subfield>
    <subfield code="c">2021.</subfield>
  </datafield>
  <datafield tag="942" ind1=" " ind2=" ">
    <subfield code="2">ddc</subfield>
    <subfield code="c">BK</subfield>
  </datafield>
  <datafield tag="999" ind1=" " ind2=" ">
    <subfield code="c">614296</subfield>
    <subfield code="d">614296</subfield>
  </datafield>
  <datafield tag="952" ind1=" " ind2=" ">
    <subfield code="0">0</subfield>
    <subfield code="1">0</subfield>
    <subfield code="2">ddc</subfield>
    <subfield code="4">0</subfield>
    <subfield code="6">891_439010000000000_NAS</subfield>
    <subfield code="7">0</subfield>
    <subfield code="9">641557</subfield>
    <subfield code="a">CL</subfield>
    <subfield code="b">CL</subfield>
    <subfield code="c">LIT</subfield>
    <subfield code="d">2025-07-12</subfield>
    <subfield code="e">Donation</subfield>
    <subfield code="l">0</subfield>
    <subfield code="o">891.43901 NAS</subfield>
    <subfield code="p">CL-D-2799</subfield>
    <subfield code="r">2025-07-12</subfield>
    <subfield code="w">2025-07-12</subfield>
    <subfield code="y">BK</subfield>
  </datafield>
</record>
